Estatutos de la sociedad mercantil anònima Electra Caldense : constituida en 14 septiembre de 1917 ante el notario D. Joaquín Mas Tasi constituida en 14 septiembre de 1917 ante el notario D. Joaquín Mas Tasi
Descripción Física:
16 p. ; 20 cm
Materias:
Electra Caldense, S. A. -- Estatuts
MARC
| LEADER | 00000nam a2200000Ia 4500 | ||
|---|---|---|---|
| 001 | 15510 | ||
| 003 | BGR | ||
| 005 | 20260410113659.0 | ||
| 008 | 160829s1917 xx 000 0 cat d | ||
| 080 | |a RF-12-18 | ||
| 110 | 2 | |a Electra Caldense, S. A. |9 70735 | |
| 245 | |a Estatutos de la sociedad mercantil anònima Electra Caldense : |b constituida en 14 septiembre de 1917 ante el notario D. Joaquín Mas Tasi | ||
| 260 | |a Barcelona : |b Impr. Hijos de Domingo Casanovas, |c 1917 | ||
| 300 | |a 16 p. ; |c 20 cm | ||
| 590 | |a Prové de MB-49, exp. 1 | ||
| 610 | 2 | 0 | |a Electra Caldense, S. A. |9 70735 |x Estatuts |
| 856 | 4 | |u https://media.diba.cat/diba/fitxers/arxiu/fulletons/bib_15510_1917_baixa.pdf |y Accés lliure | |
| 856 | 4 | |u https://media.diba.cat/diba/fitxers/arxiu/fulletons/bib_15510_1917_baixa.pdf |y Accés lliure | |
| 900 | |a bib_15510_1917_baixa.pdf | ||
| 901 | |a Arxiu | ||
| 942 | |n 1 |2 udc |c MON | ||
| 952 | |0 0 |1 0 |4 0 |6 RF1218 |7 1 |9 54606 |a Arxiu |b Arxiu |d 2016-12-01 |l 0 |o RF-12-18 |p 15510 |r 2016-12-01 00:00:00 |w 2016-12-01 |y ARXIU | ||
| 999 | |c 58475 |d 58475 | ||